00322nam a2200133Ia 4500008004100000020001500041041001200056082001600068100001300084245003400097260003300131300000800164650001600172221030s9999 xx 000 0 und d a8187325054 aEnglish a105.23bSah aG. Sahoo 0aFox Pro Projectscby G. Sahoo bKhanna Pub.aNew Delhic2000 a821 aBE Computer